| 000 | 01111nam a2200277 i 4500 | ||
|---|---|---|---|
| 001 | 105331 | ||
| 003 | ES-MaACL | ||
| 005 | 20251116063059.0 | ||
| 007 | t| | ||
| 008 | 060623s1968 sp ||||1| spa d | ||
| 080 | _a73 Torres Monsó (083.824) | ||
| 100 | 0 |
_aTorres Monsó, _d1922- _9110985 |
|
| 245 | 1 | 0 |
_aTorres Monsó _b: [exposición, Sala de Santa Catalina del Ateneo de Madrid, noviembre de 1968] / _c[texto: José Corredor Matheos]. |
| 260 |
_a[Madrid] : _bPublicaciones Españolas, _c[1968] |
||
| 300 |
_a[12] p. : _bil. ; _c23 cm. |
||
| 490 | 1 |
_aCuadernos de arte. Serie divulgación ; _v115 |
|
| 600 | 0 | 4 |
_aTorres Monsó, _d1922- _vExposiciones _9110986 |
| 610 | 2 | 7 |
_aAteneo de Madrid- _vExposiciones- _y1960-1969. _91920 |
| 655 | 7 |
_2tgfbne _9193628 _aCatálogos de exposiciones |
|
| 700 | 0 |
_aCorredor-Matheos, José, _d1929- _940776 |
|
| 710 | 2 |
_aAteneo de Madrid. _bSala de Santa Catalina. _91964 |
|
| 830 | 0 |
_aCuadernos de arte. Serie divulgación ; _v115 _9184876 |
|
| 852 |
_aES-MaACL _j2205-F-33 _9109274 _bR.137776 _cDEPOF |
||
| 942 |
_2udc _cFOLLETOS |
||
| 999 |
_c105331 _d105331 |
||